| 000 | 00000nam 2200000zi 4500 |
| 001 | 9.920837 |
| 003 | CaOODSP |
| 005 | 20240220084842 |
| 006 | m o d f |
| 007 | cr cn||||||||| |
| 008 | 230313e20232023quco ob f000 0 eng d |
| 020 | |a9780660479835 |
| 040 | |aCaOODSP|beng|erda|cCaOODSP |
| 043 | |an-cn--- |
| 086 | 1 |aFo4-211/2023E-PDF |
| 245 | 00|aCollecting analysing and storing forest soil data and samples in the age of big data : |ba guide for researchers and field practitioners. |
| 264 | 1|aStn. Sainte-Foy, Québec, QC : |bNatural Resources Canada = Ressources naturelles Canada, |c[2023] |
| 264 | 4|c©2023 |
| 300 | |a1 online resource (11 pages) : |bphotographs |
| 336 | |atext|btxt|2rdacontent |
| 337 | |acomputer|bc|2rdamedia |
| 338 | |aonline resource|bcr|2rdacarrier |
| 500 | |aCover title. |
| 500 | |aIssued also in French under title: Collecter analyser stocker : les données et les échantillons de sols forestiers à l’ère du « big data » : guide à l’intention des chercheurs et praticiens sur le terrain. |
| 504 | |aIncludes bibliographical references (page 11). |
| 520 | |a"Many people need to collect soil data, whether for a survey, a research project, or for various purposes regarding land management. Here we describe key elements that would help anyone collecting forest soil data in a standardized way to make them usable for the needs of science and of that of the management of ecosystems"--Introduction, page 2. |
| 550 | |aIssued by: Canadian Forest Service. |
| 650 | 0|aForest soils|zCanada|vDatabases. |
| 650 | 0|aForests and forestry|xResearch|zCanada. |
| 710 | 1 |aCanada. |bNatural Resources Canada, |eissuing body. |
| 710 | 2 |aCanadian Forest Service, |eissuing body. |
| 775 | 08|tCollecter analyser stocker : les données et les échantillons de sols forestiers à l’ère du « big data » : |w(CaOODSP)9.920838 |
| 776 | 0#|tA short guide on how to collect, analyse and store forest soil data and samples in the age of big data. |w(CaOODSP)9.920839 |
| 856 | 40|qPDF|s1.04 MB|uhttps://publications.gc.ca/collections/collection_2024/rncan-nrcan/Fo4-211-2023-eng.pdf |